10 Smallest Countries by Continent #3 - Europe - Statistics

General Stats
  • This quiz has been taken 1,148 times
  • The average score is 9 of 10
Answer Stats
Size Ranking Country % Correct
0.44 sq km 1 Vatican City
100%
1.95 sq km 2 Monaco
96%
61 sq km 3 San Marino
96%
468 sq km 6 Andorra
95%
2,586 sq km 7 Luxembourg
93%
316 sq km 5 Malta
91%
10,887 sq km 8 Kosovo
88%
160 sq km 4 Liechtenstein
86%
13,812 sq km 9 Montenegro
83%
20,273 sq km 10 Slovenia
71%
No matching quizzes found
Score Distribution
Percent of People with Each Score
Percentile by Number Answered
Your Score History
You have not taken this quiz